| 000 | 00946nam2a22002411 4500 | ||
|---|---|---|---|
| 001 | rc\227645 | ||
| 005 | 20250612181124.0 | ||
| 010 |
_a5-280-00634-3 _9100000 |
||
| 035 | _a(NLR Aleph) 008773125 | ||
| 090 |
_a7936331 _c7936331 |
||
| 100 | _a20030307d1990 |||y0rusy50 ca | ||
| 101 | 0 | _arus | |
| 102 | _aRU | ||
| 105 | _aa ||||||||| | ||
| 200 | 0 |
_aТ. 2 _fПер. Я. Лесюка, М. Трескунова |
|
| 210 |
_d1990 _aБ. м. |
||
| 215 |
_a653 , [2] с. _cил. |
||
| 461 | 0 |
_1001rc\227644 _12001#$aПарижские тайны$eРоман$eПер. с фр.$fЭжен Сю$g[Ил. Ж.-А. Босэ, Сталля]$vТ. 2 _1700#1$aСю$bЭ.$gЭжен$f1804-1857 _97838207 _aСю, Э. (1804-1857) _cМ. _d1990- _fЭжен Сю _nХудож. лит. _oРоман : Пер. с фр. _tПарижские тайны _y5280006335 _vТ. 2 |
|
| 801 | 0 |
_aRU _bNLR _gpsbo |
|
| 801 | 1 |
_aRU _bELAR _2rusmarc |
|
| 852 |
_aNLR _j90-3/5556 |
||
| 942 | _cBOOK | ||
| 980 | _aNB | ||